[Event "ACP Cup 2013"]
[Site "Riga"]
[Date "2013.09.13"]
[Round "1.2"]
[White "Nepomniachtchi, Ian"]
[Black "Moiseenko, Alexander"]
[Result "1-0"]
[WhiteElo "2723"]
[BlackElo "2699"]
[PlyCount "115"]
[EventDate "2013.??.??"]
[EventCountry "LAT"]

1. e4 c5 2. Nf3 Nc6 3. Bb5 g6 4. O-O Bg7 5. Bxc6 bxc6 6. Re1 Nh6 7. c3 O-O 8.
d4 cxd4 9. cxd4 f6 10. Nc3 Nf7 11. Be3 d6 12. h3 Qa5 13. Qd2 Bd7 14. Rac1 Rfe8
{The opening has somewhat favored White. Although Black has the pair of
bishops, many of his pieces are in awkward squares. He is relying on future
pawn breaks to give activity to them and maybe even create outposts.} 15. b3
Rad8 16. Qb2 f5 $1 {This is the plan: White will have to give up d5, a perfect
square for Black's queen or light squared bishop.} 17. Bd2 fxe4 18. Nxe4 Qd5
19. Qa3 (19. Nc3 Bxd4 $1 $13) 19... Ra8 20. Qa6 Nd8 21. Nc3 Qf5 22. Re4 Ne6 23.
Rce1 d5 {Now normal people would just retreat the rook, some might even
sacrificing on e6 and taking c6, but not Nepo.} 24. Re5 $5 {And suddenly this
is a very scary sacrifice. Black will have to give up his dark squared bishop,
but an exchange is an exchange after all.} Bxe5 25. Rxe5 Qf6 26. Qe2 Rf8 27.
Bh6 Rf7 28. Qe3 {White has sufficient compensation, but it's hard to say it's
more than that.} Ng7 29. Bg5 Qd6 30. Ne2 Re8 31. Bf4 Qa3 32. Qd2 Ref8 33. Kh2
Nh5 34. Rxh5 $5 {A second exchange sacrifice! This time black's king is
exposed and it becomes different somewhat dangerous. But is it enough?} gxh5
35. Be5 Bf5 36. Nh4 Bg6 37. Qg5 Rf6 38. f4 $1 {Very aggressive!} Qxa2 39. Ng3
Qd2 40. Nxh5 a5 $4 {The losing mistake. Black is trying to give up his
material to ease the pressure but this doesn't work.} (40... Re6 41. Qg4 Rxe5
42. dxe5 $16 {but this is better than the game.}) 41. Nxf6+ $6 (41. Qg4 $1 {
Would've finished the game immediately.}) 41... exf6 42. Bxf6 Rxf6 43. Qxf6 Be4
44. Qg5+ Kf7 {The queen endgame is winning because Black's king is just too
exposed.} 45. Nf5 Bxf5 46. Qxf5+ Kg7 47. Qe5+ Kf7 48. f5 Qf2 49. Qe6+ Kf8 50.
Qh6+ Kg8 51. f6 Kf7 52. Qg7+ Ke6 53. Qg8+ Kd7 54. Qxh7+ Kc8 55. Qh6 c5 56. Qf8+
Kb7 57. Qe7+ Ka6 58. Qd6+ {The series of checks was not the most exact, but
White has taken all of Black's pawns and the game is over.} 1-0

[Event "ACP Cup 2013"]
[Site "Riga"]
[Date "2013.09.13"]
[Round "1.3"]
[White "Fressinet, Laurent"]
[Black "Grischuk, Alexander"]
[Result "0-1"]
[WhiteElo "2708"]
[BlackElo "2785"]
[Annotator "Robot 3"]
[PlyCount "78"]
[EventDate "2013.??.??"]
[EventCountry "LAT"]
[TimeControl "180+2"]

1. Nf3 c5 2. c4 Nc6 3. e3 e5 4. d4 e4 5. Nfd2 cxd4 6. exd4 Nf6 7. d5 Ne5 8. Be2
Bc5 9. Nc3 e3 10. fxe3 d6 11. Nb3 Bb6 12. O-O O-O 13. Nd4 Re8 14. h3 Bd7 15. b3
Ba5 16. Bd2 Bxc3 17. Bxc3 Ne4 18. Qc2 Nxc3 19. Qxc3 Qg5 20. Kh2 Ng6 21. Rf3 Nh4
22. Rg3 Qe5 23. Rc1 Rac8 24. Qe1 Nf5 25. Nxf5 Bxf5 26. Qf2 Rc7 27. Rf1 Bg6 28.
Kg1 Rce7 29. h4 h6 30. Rf3 b6 31. g4 f6 32. Rg3 Qc3 33. g5 fxg5 34. hxg5 Rxe3
35. Rg2 h5 36. Bxh5 Bxh5 37. g6 Qf6 38. Qd2 Rf3 39. Re1 Rf8 0-1